| 000 | 00769cam a22002173a 4500 | ||
|---|---|---|---|
| 001 | 40266 | ||
| 003 | PGUSA | ||
| 005 | 20140828083910.0 | ||
| 008 | 120717s2012||||xxu|||||s|||||000 | eng d | ||
| 040 |
_aPGUSA _beng |
||
| 042 | _adc | ||
| 100 | 1 |
_aWestmacott, C. M. _q(Charles Molloy), _d1787-1868 |
|
| 245 | 1 | 4 |
_aThe Punster's Pocket-book ; _bor, the Art of Punning Enlarged by Bernard Blackmantle, illustrated with numerous original designs by Robert Cruikshank _h[electronic resource] / _cC. M. Westmacott |
| 260 |
_bProject Gutenberg, _c2012 |
||
| 506 | _aPublic domain in the USA. | ||
| 516 | _aElectronic text | ||
| 700 | 1 |
_aCruikshank, Robert, _d1789-1856 |
|
| 830 | 0 |
_aProject Gutenberg _v40266 |
|
| 856 | 4 | 0 | _uhttp://www.gutenberg.org/ebooks/40266 |
| 942 | _cEB | ||
| 999 |
_c269519 _d269519 |
||